书目信息 |
| 题名: |
游戏设计概论
|
|
| 作者: | 胡昭民 , 吴灿铭 编著 | |
| 分册: | ||
| 出版信息: | 北京 清华大学出版社 2013.06 |
|
| 页数: | 320页 | |
| 开本: | 28cm | |
| 丛书名: | ||
| 单 册: | ||
| 中图分类: | TP311.5 | |
| 科图分类: | ||
| 主题词: | 软件 | |
| 电子资源: | ||
| ISBN: | 7-302-31782-8 | |
| 000 | 00649nam0 2200217 450 | |
| 001 | 1633696010 | |
| 005 | 20160111092312.03 | |
| 010 | @a7-302-31782-8@dCNY42.00 | |
| 100 | @a20160111d2013 km y0chiy0120 ea | |
| 101 | 0 | @achi |
| 102 | @aCN@b110000 | |
| 200 | 1 | @a游戏设计概论@Ayou xi she ji gai lun@f胡昭民, 吴灿铭编著@Fhu zhao min,wu can ming bian zhu |
| 205 | @a4版 | |
| 210 | @a北京@c清华大学出版社@d2013.06 | |
| 215 | @a320页@d28cm | |
| 606 | 0 | @a软件 |
| 690 | @aTP311.5@v4 | |
| 701 | 0 | @a胡昭民@Ahu zhao min@4编著 |
| 701 | 0 | @a吴灿铭@Awu can ming@4编著 |
| 801 | 0 | @aCN@b大连网信软件有限公司图书馆·11@c20160111 |
| 905 | @aZUCC@dTP311.5@eH5341 | |
| 游戏设计概论/胡昭民, 吴灿铭编著.-4版.-北京:清华大学出版社,2013.06 |
| 320页;28cm |
| ISBN 7-302-31782-8:CNY42.00 |
| ● |
| 相关链接 |
|
|
|
正题名:游戏设计概论
索取号:TP311.5/H5341
 
预约/预借
| 序号 | 登录号 | 条形码 | 馆藏地/架位号 | 状态 | 备注 |
| 1 | 1235538 | 212355388 | 计算机与数据科学学院资料室/ [索取号:TP311.5/H5341] | 在馆 |